|
|
|
|
| LEADER |
00000nas a22000007a 4500 |
| 001 |
arbauadP000054 |
| 003 |
AR-BaUAD |
| 005 |
20250704140424.0 |
| 008 |
250528s1998200?ag ||||| |||| 00| 0 spa d |
| 022 |
|
|
|a 0327-3997
|
| 040 |
|
|
|c AR-BaUAD
|b spa
|d AR-BaUAD
|
| 041 |
|
|
|a spa
|
| 044 |
|
|
|a ag
|
| 080 |
|
|
|a 72
|x (82)
|
| 245 |
|
|
|a CPAU :
|b revista del Consejo Profesional de Arquitectura y Urbanismo.
|
| 246 |
|
|
|a CPAU
|
| 260 |
|
0 |
|a Buenos Aires :
|b CPAU,
|c 1998-200?.
|
| 300 |
|
|
|a v.
|b il. fot.
|
| 655 |
|
|
|a PUBLICACIONES PERIODICAS
|
| 780 |
0 |
0 |
|t Consejo Profesional de Arquitectura y Urbanismo
|
| 942 |
|
|
|2 udc
|n 0
|c CR
|
| 990 |
|
|
|a MJO
|b OP
|
| 998 |
|
|
|b Koha2024P
|a AAQ
|
| 999 |
|
|
|c 24073
|d 24073
|